[Event "XIV Open"]
[Site "Saint Vincent - Chatillon ITA"]
[Date "2006.10.01"]
[Round "2"]
[White "Astengo, Corrado"]
[Black "Tiviakov, Sergei"]
[Result "0-1"]
[WhiteElo "2119"]
[BlackElo "2668"]
[PlyCount "42"]
[EventDate "2006.09.30"]

1. e4 c5 2. Nf3 d6 3. d4 cxd4 4. Nxd4 Nf6 5. Nc3 g6 6. Be3 Bg7 7. f3 Nc6 8. Qd2
Bd7 9. O-O-O Rc8 10. g4 Ne5 11. Kb1 a6 12. Be2 b5 13. Nd5 Nxd5 14. exd5 Nc4 15.
Bxc4 bxc4 16. c3 Qa5 17. Rde1 Qxd5 18. Bg5 e5 19. Bh6 O-O 20. Bxg7 Kxg7 21.
Nf5+ Bxf5+ 0-1

[Event "XIV Open"]
[Site "Saint Vincent - Chatillon ITA"]
[Date "2006.10.01"]
[Round "2"]
[White "Battistella, Stefano"]
[Black "D'Amore, Carlo"]
[Result "0-1"]
[WhiteElo "2065"]
[BlackElo "2470"]
[PlyCount "49"]
[EventDate "2006.09.30"]

1. d4 Nf6 2. c4 g6 3. Nc3 Bg7 4. e4 O-O 5. f3 d6 6. Be3 c5 7. Nge2 Nbd7 8. d5
Ne5 9. Ng3 e6 10. Be2 exd5 11. cxd5 a6 12. a4 h5 13. O-O Nh7 14. Qd2 h4 15. Nh1
f5 16. Nf2 Bd7 17. a5 Rb8 18. Rfb1 f4 19. Bxf4 h3 20. Bxe5 Bxe5 21. g3 Bd4 22.
Ra3 Qe7 23. Rf1 Ng5 24. Ncd1 Nxe4 25. Re3 0-1

[Event "XIV Open"]
[Site "Saint Vincent - Chatillon ITA"]
[Date "2006.10.01"]
[Round "2"]
[White "Berlier, Filippo"]
[Black "Bruno, Fabio"]
[Result "0-1"]
[WhiteElo "1383"]
[BlackElo "2388"]
[PlyCount "28"]
[EventDate "2006.09.30"]

1. d4 d5 2. c4 e6 3. Nc3 c6 4. cxd5 exd5 5. Nf3 Bf5 6. Qb3 Qb6 7. Qxb6 axb6 8.
Nh4 Be6 9. Bf4 Na6 10. a3 b5 11. b4 Nxb4 12. Kd2 Be7 13. g3 g5 14. Be5 f6 0-1

[Event "XIV Open"]
[Site "Saint Vincent - Chatillon ITA"]
[Date "2006.10.01"]
[Round "2"]
[White "Borgo, Giulio"]
[Black "Poletti, Fausto"]
[Result "1-0"]
[WhiteElo "2414"]
[BlackElo "2096"]
[PlyCount "53"]
[EventDate "2006.09.30"]

1. Nf3 Nf6 2. g3 d6 3. d4 c6 4. Bg2 Nbd7 5. Nbd2 g6 6. e4 Qc7 7. O-O Bg7 8. Re1
e5 9. Nc4 O-O 10. dxe5 dxe5 11. b3 b5 12. Qd6 Ne8 13. Qxc7 Nxc7 14. Na5 c5 15.
Bf1 a6 16. a4 Re8 17. Be3 Rb8 18. Red1 Ne6 19. c3 b4 20. Nc6 Rb6 21. Na7 Ndf8
22. a5 Rb7 23. Nxc8 Rxc8 24. Bxa6 Rbb8 25. Bxc8 Rxc8 26. cxb4 cxb4 27. a6 1-0

[Event "XIV Open"]
[Site "Saint Vincent - Chatillon ITA"]
[Date "2006.10.01"]
[Round "2"]
[White "Calzolari, Giampietro"]
[Black "Zaccaria, Sonia"]
[Result "1-0"]
[WhiteElo "1890"]
[BlackElo "1413"]
[PlyCount "67"]
[EventDate "2006.09.30"]

1. e4 e5 2. Nf3 Nc6 3. Bb5 d6 4. d4 Bd7 5. O-O Be7 6. Nc3 Nf6 7. Re1 O-O 8. Bg5
h6 9. Bh4 Nh7 10. Bxe7 Nxe7 11. Bxd7 Qxd7 12. dxe5 Ng6 13. exd6 cxd6 14. Qd4
Nf4 15. Nd5 Nxg2 16. Kxg2 Qg4+ 17. Kf1 Qxf3 18. Ne3 Ng5 19. Nf5 Qh3+ 20. Ke2
Qg4+ 21. Kd3 Nf3 22. Qe3 Nxe1+ 23. Rxe1 Qg5 24. f4 Qf6 25. Rg1 d5 26. Rxg7+ Kh8
27. Qh3 dxe4+ 28. Ke3 Qb6+ 29. Ke2 Rg8 30. Qc3 Qb5+ 31. Ke1 f6 32. Qxf6 Qb6 33.
Rxg8+ Kh7 34. Qg7# 1-0

[Event "XIV Open"]
[Site "Saint Vincent - Chatillon ITA"]
[Date "2006.10.01"]
[Round "2"]
[White "Della Penna, Vincenzo"]
[Black "De Santis, Alessio"]
[Result "0-1"]
[WhiteElo "1527"]
[BlackElo "2337"]
[PlyCount "82"]
[EventDate "2006.09.30"]

1. c4 f5 2. Nf3 Nf6 3. g3 g6 4. Bg2 Bg7 5. Nc3 d6 6. O-O e5 7. d3 O-O 8. Bg5 h6
9. Bd2 c6 10. a3 Qe8 11. e4 f4 12. h3 Na6 13. b4 g5 14. Nh2 h5 15. g4 hxg4 16.
hxg4 Be6 17. f3 Nc7 18. Qe2 Rf7 19. a4 Bf8 20. Rab1 Rh7 21. Rf2 Qg6 22. Bf1 Re8
23. Be1 d5 24. c5 a5 25. Na2 axb4 26. Bxb4 Na6 27. Qc2 Nxb4 28. Nxb4 Nd7 29.
exd5 Bxd5 30. Nxd5 cxd5 31. d4 Qxc2 32. Rxc2 exd4 33. c6 bxc6 34. Rxc6 Ne5 35.
Rcc1 d3 36. Rd1 Bc5+ 37. Kg2 Ba7 38. Rb5 Re6 39. Rxd5 Reh6 40. Bxd3 Rxh2+ 41.
Kf1 Rf2+ 0-1

[Event "XIV Open"]
[Site "Saint Vincent - Chatillon ITA"]
[Date "2006.10.01"]
[Round "2"]
[White "Didoni, Renato"]
[Black "Godena, Michele"]
[Result "0-1"]
[WhiteElo "2076"]
[BlackElo "2528"]
[PlyCount "46"]
[EventDate "2006.09.30"]

1. f4 Nf6 2. Nf3 g6 3. Nc3 d5 4. e3 Bg7 5. b3 O-O 6. Bb2 c5 7. Be2 d4 8. exd4
cxd4 9. Na4 Nc6 10. O-O Qd6 11. Kh1 Nd5 12. g3 Nc7 13. Qc1 b5 14. Ba3 Qe6 15.
Bd3 bxa4 16. Re1 Qd7 17. Kg1 axb3 18. cxb3 Bb7 19. Qd1 Nd5 20. Rc1 Ncb4 21. Bb1
d3 22. Ne5 Qb5 23. h4 Qb6+ 0-1

[Event "XIV Open"]
[Site "Saint Vincent - Chatillon ITA"]
[Date "2006.10.01"]
[Round "2"]
[White "Epishin, Vladimir V."]
[Black "Bannink, Bernard"]
[Result "1-0"]
[WhiteElo "2555"]
[BlackElo "2248"]
[PlyCount "91"]
[EventDate "2006.09.30"]

1. d4 d5 2. c4 c6 3. Nf3 Nf6 4. e3 Bf5 5. Nc3 e6 6. Nh4 Bg6 7. Qb3 Qb6 8. Nxg6
hxg6 9. Bd2 Nbd7 10. Be2 dxc4 11. Qxc4 Be7 12. O-O-O Qc7 13. f4 Nb6 14. Qb3
Nbd5 15. Kb1 Nxc3+ 16. Bxc3 a5 17. Qc2 Bb4 18. Bf3 Nd5 19. Bd2 Bxd2 20. Qxd2 g5
21. e4 Nxf4 22. g3 Ng6 23. Qxg5 Qe7 24. Qe3 O-O-O 25. h4 Kb8 26. h5 Nf8 27. Rd3
e5 28. d5 Rh6 29. Ra3 cxd5 30. exd5 b6 31. Rb3 Qd6 32. Rc1 Rc8 33. Rxc8+ Kxc8
34. Rc3+ Kd8 35. Rc6 Qb4 36. a3 Qd4 37. Qg5+ Rf6 38. Rxf6 Qd3+ 39. Kc1 Qc4+ 40.
Kd2 Qd4+ 41. Ke2 Qxb2+ 42. Kf1 gxf6 43. Qxf6+ Ke8 44. d6 Qa1+ 45. Kg2 Qa2+ 46.
Kg1 1-0

[Event "XIV Open"]
[Site "Saint Vincent - Chatillon ITA"]
[Date "2006.10.01"]
[Round "2"]
[White "Iacchetti, Giovanni"]
[Black "Naumkin, Igor"]
[Result "0-1"]
[WhiteElo "1804"]
[BlackElo "2430"]
[PlyCount "46"]
[EventDate "2006.09.30"]

1. Nf3 e6 2. c4 Nf6 3. g3 d5 4. d4 dxc4 5. Nc3 a6 6. Bg2 Nc6 7. O-O Rb8 8. e4
b5 9. e5 Nd5 10. Ne4 h6 11. Be3 Bb7 12. Rc1 Ncb4 13. Nc3 Nd3 14. Rb1 Nxb2 15.
Rxb2 Nxc3 16. Qc2 Nd5 17. a4 c3 18. Rbb1 b4 19. Ne1 a5 20. Be4 Qd7 21. Ng2 Be7
22. f4 Nxe3 23. Nxe3 Qxd4 0-1

[Event "XIV Open"]
[Site "Saint Vincent - Chatillon ITA"]
[Date "2006.10.01"]
[Round "2"]
[White "Martinez, Guido"]
[Black "Baloire, Endy"]
[Result "1/2-1/2"]
[WhiteElo "1969"]
[BlackElo "1506"]
[PlyCount "107"]
[EventDate "2006.09.30"]

1. e4 c6 2. d4 d5 3. Nc3 dxe4 4. Nxe4 Bf5 5. Ng3 Bg6 6. Nf3 e6 7. Ne5 Ne7 8.
Be2 Nd7 9. Nxg6 Nxg6 10. O-O Be7 11. f4 O-O 12. f5 exf5 13. Nxf5 Bg5 14. Nd6
Bxc1 15. Rxc1 b5 16. c4 Nf6 17. c5 Ne8 18. Ne4 Nc7 19. Qd2 Qd7 20. Rfd1 Rfd8
21. Nd6 Ne8 22. Bf3 Nxd6 23. cxd6 Rac8 24. Qb4 Qxd6 25. Qa5 Qc7 26. Qxc7 Rxc7
27. Rxc6 Rxc6 28. Bxc6 b4 29. Kf2 Kf8 30. Ba4 Ke7 31. Ke3 Rc8 32. Bb3 f6 33. g3
Kd6 34. Kd3 a5 35. Re1 Nf8 36. Rf1 Rc7 37. Rf5 Ra7 38. Kc4 Kc6 39. d5+ Kd6 40.
Ba4 Rc7+ 41. Bc6 Ng6 42. Kb5 Ne7 43. Rf2 Nxd5 44. Bxd5 Kxd5 45. Kb6 Rc8 46.
Kxa5 Ra8+ 47. Kxb4 Rxa2 48. Kc3 Ra1 49. Rd2+ Kc6 50. b3 Ra7 51. Kc4 Ra5 52. Rc2
Kb6 53. b4 Re5 54. Kd4 1/2-1/2

[Event "XIV Open"]
[Site "Saint Vincent - Chatillon ITA"]
[Date "2006.10.01"]
[Round "2"]
[White "Mazza, Maurizio"]
[Black "Pieri, Enzo"]
[Result "0-1"]
[WhiteElo "1700"]
[BlackElo "1940"]
[PlyCount "52"]
[EventDate "2006.09.30"]

1. e4 c5 2. c3 d6 3. d4 cxd4 4. cxd4 e6 5. Nf3 Nf6 6. Nc3 Be7 7. Be2 a6 8. O-O
O-O 9. Re1 Nbd7 10. Bf4 b5 11. a3 Bb7 12. Bd3 Nb6 13. Qe2 Re8 14. Bc2 Nfd7 15.
e5 Nf8 16. Ne4 Ng6 17. Bg5 Bxe4 18. Bxe4 Bxg5 19. g3 d5 20. Bc2 Be7 21. h4 Nf8
22. Kg2 f5 23. Rh1 g5 24. hxg5 Bxg5 25. Nxg5 Qxg5 26. Rh5 Qg4 0-1

[Event "XIV Open"]
[Site "Saint Vincent - Chatillon ITA"]
[Date "2006.10.01"]
[Round "2"]
[White "Mazzetta, Renato"]
[Black "Pepino, Enrico"]
[Result "0-1"]
[WhiteElo "1822"]
[BlackElo "2187"]
[PlyCount "70"]
[EventDate "2006.09.30"]

1. e4 d6 2. Nc3 g6 3. g3 Bg7 4. Bg2 e5 5. Nge2 Ne7 6. d4 Nbc6 7. Be3 exd4 8.
Nxd4 O-O 9. f4 Re8 10. Qd2 d5 11. O-O Na5 12. Rad1 Nc4 13. Qc1 c5 14. Nde2 d4
15. Bf2 Qa5 16. Nb1 Bg4 17. Rfe1 Qxa2 18. b3 Nb6 19. Na3 Rad8 20. Rd3 Nc6 21.
h3 Be6 22. Nb5 Qa5 23. Nc7 Re7 24. Nxe6 Rxe6 25. Rf1 Ree8 26. Be1 Qb5 27. Rf2
Nb4 28. Bxb4 Qxb4 29. f5 c4 30. bxc4 Nxc4 31. f6 Bf8 32. Nxd4 Ne5 33. Rfd2 Nxd3
34. Rxd3 Rxd4 35. c3 Rc4 0-1

[Event "XIV Open"]
[Site "Saint Vincent - Chatillon ITA"]
[Date "2006.10.01"]
[Round "2"]
[White "Ortega, Lexy"]
[Black "Petrescu, Cristian"]
[Result "1/2-1/2"]
[WhiteElo "2435"]
[BlackElo "2070"]
[PlyCount "164"]
[EventDate "2006.09.30"]

1. d4 Nf6 2. Nf3 g6 3. Nc3 d5 4. Bf4 Nh5 5. Bg5 h6 6. Bh4 g5 7. Bg3 Nxg3 8.
hxg3 Bg7 9. e4 dxe4 10. Nxe4 Bf5 11. Bd3 Bg6 12. Nc5 Bxd3 13. Qxd3 b6 14. Ne4
Nc6 15. d5 Ne5 16. Nxe5 Bxe5 17. O-O-O Qd7 18. Rhe1 O-O-O 19. Nc5 Bxb2+ 20.
Kxb2 bxc5 21. Qa6+ Kb8 22. Kc3 Ka8 23. Re4 Qd6 24. Qxd6 exd6 25. Re7 Kb8 26.
Rxf7 Rdf8 27. Rxf8+ Rxf8 28. f3 Re8 29. Kd2 c6 30. Rh1 Rh8 31. dxc6 Kc7 32. c4
Kxc6 33. Re1 Rb8 34. Kc3 Kd7 35. Rh1 Rh8 36. Kd3 Ke6 37. Ke4 Rh7 38. f4 Kf6 39.
Kd5 gxf4 40. gxf4 Kf5 41. Kxd6 Kxf4 42. Rh3 Rg7 43. Rxh6 Rxg2 44. a4 Ra2 45.
Kxc5 Rxa4 46. Kd5 Ra1 47. Rh4+ Kg5 48. Rd4 Kf6 49. Re4 a5 50. c5 a4 51. c6 Rd1+
52. Kc5 Rc1+ 53. Kb6 Rb1+ 54. Kc5 Rc1+ 55. Kd6 Rd1+ 56. Kc7 a3 57. Ra4 Rd3 58.
Kb7 Rb3+ 59. Kc8 Ke7 60. c7 Rc3 61. Ra6 Rb3 62. Ra8 Rh3 63. Kb7 Rb3+ 64. Kc6
Rc3+ 65. Kb7 Rb3+ 66. Kc8 Rh3 67. Ra4 Rc3 68. Ra8 Kd6 69. Ra6+ Ke7 70. Kb8 Rb3+
71. Kc8 Rc3 72. Ra4 Kd6 73. Ra6+ Ke7 74. Ra7 Rb3 75. Ra5 Rc3 76. Ra6 Rb3 77.
Ra4 Rc3 78. Re4+ Kd6 79. Rd4+ Kc5 80. Rd2 Kb4 81. Kb7 Rxc7+ 82. Kxc7 Kb3
1/2-1/2

[Event "XIV Open"]
[Site "Saint Vincent - Chatillon ITA"]
[Date "2006.10.01"]
[Round "2"]
[White "Rossi, Giampiero"]
[Black "Colas, Yves"]
[Result "1-0"]
[WhiteElo "2011"]
[BlackElo "1850"]
[PlyCount "109"]
[EventDate "2006.09.30"]

1. d4 Nf6 2. c4 e6 3. Nc3 Bb4 4. Qc2 b6 5. a3 Bxc3+ 6. Qxc3 Bb7 7. Bg5 d6 8. e3
Nbd7 9. f3 h6 10. Bh4 Rc8 11. Bd3 c5 12. Ne2 Nd5 13. Bxd8 Nxc3 14. Nxc3 Kxd8
15. Nb5 Ke7 16. Nxa7 Ra8 17. Nb5 Rhc8 18. Kf2 Bc6 19. Nc3 Nf6 20. Rhe1 Bd7 21.
Rac1 g5 22. h3 Ra7 23. g4 Be8 24. Kg3 Bc6 25. Rf1 Rg8 26. Rf2 Rb7 27. Re1 Kd8
28. Rd2 Kc7 29. Bf1 Kb8 30. dxc5 dxc5 31. Red1 Rd7 32. Rxd7 Bxd7 33. Kf2 Kc7
34. f4 Bc6 35. Bg2 Ra8 36. Bxc6 Kxc6 37. Kf3 Ra7 38. e4 Rd7 39. Rxd7 Kxd7 40.
e5 Nh7 41. Ne4 Kc6 42. fxg5 Nxg5+ 43. Nxg5 hxg5 44. Ke4 Kd7 45. b4 Kc6 46. Kd3
cxb4 47. axb4 Kd7 48. Kd4 Kc7 49. b5 Kb7 50. c5 Kc7 51. cxb6+ Kxb6 52. Kc4 Kc7
53. Kc5 Kd7 54. b6 f5 55. exf6 1-0

[Event "XIV Open"]
[Site "Saint Vincent - Chatillon ITA"]
[Date "2006.10.01"]
[Round "2"]
[White "Rotstein, Arkadij"]
[Black "Broekman, Willem"]
[Result "1-0"]
[WhiteElo "2521"]
[BlackElo "2151"]
[PlyCount "65"]
[EventDate "2006.09.30"]

1. Nf3 e6 2. b3 Nf6 3. Bb2 b6 4. g3 Bb7 5. Bg2 Be7 6. O-O O-O 7. c4 d6 8. Nc3
Nbd7 9. d4 Ne4 10. d5 Nxc3 11. Bxc3 e5 12. e4 a5 13. Qc2 Bf6 14. Ne1 Qe7 15.
Nd3 g6 16. f4 Rfe8 17. Rae1 Bg7 18. Bh3 f6 19. fxe5 dxe5 20. Bd2 Nc5 21. Nxc5
Qxc5+ 22. Be3 Qb4 23. Rc1 Ba6 24. Rf2 Red8 25. c5 Bc8 26. Bf1 f5 27. cxb6 cxb6
28. Qc7 Rd7 29. Qc6 Rb7 30. exf5 gxf5 31. d6 Qe4 32. Bc4+ Kh8 33. Qe8+ 1-0

[Event "XIV Open"]
[Site "Saint Vincent - Chatillon ITA"]
[Date "2006.10.01"]
[Round "2"]
[White "Roversi, Stefano"]
[Black "Mondon, Fabrice"]
[Result "0-1"]
[WhiteElo "1857"]
[BlackElo "2001"]
[PlyCount "96"]
[EventDate "2006.09.30"]

1. e4 c5 2. Nf3 d6 3. d4 cxd4 4. Nxd4 Nf6 5. Nc3 a6 6. Be2 e5 7. Nb3 Be7 8. O-O
O-O 9. f4 exf4 10. Bxf4 Nc6 11. Qe1 Qb6+ 12. Kh1 Ne5 13. Nd5 Nxd5 14. exd5 Ng6
15. Bg3 Bf6 16. Bf2 Qd8 17. Bd4 Bxd4 18. Nxd4 Qg5 19. Qf2 Qxd5 20. Bf3 Qg5 21.
Rad1 d5 22. Rd3 Be6 23. Rb3 b5 24. Ra3 Ne5 25. Qe2 Nxf3 26. Nxe6 Qh6 27. Raxf3
fxe6 28. Qf2 Rxf3 29. Qxf3 Qg6 30. Qf4 h6 31. Qd6 a5 32. Qc6 Rb8 33. Re1 Rf8
34. Qxb5 Qxc2 35. h3 a4 36. Qb6 Rf6 37. Qb8+ Kh7 38. Qb5 Qd2 39. Qe2 Qxe2 40.
Rxe2 Kg6 41. b4 axb3 42. axb3 Kf7 43. b4 Rf1+ 44. Kh2 Rb1 45. Rf2+ Ke7 46. Rf4
e5 47. Rg4 Kf6 48. Kg3 h5 0-1

[Event "XIV Open"]
[Site "Saint Vincent - Chatillon ITA"]
[Date "2006.10.01"]
[Round "2"]
[White "Sarno, Spartaco"]
[Black "Marguerettaz, Davy"]
[Result "1-0"]
[WhiteElo "2363"]
[BlackElo "1700"]
[PlyCount "81"]
[EventDate "2006.09.30"]

1. e4 e5 2. Nf3 Nc6 3. Bb5 Nf6 4. O-O Nxe4 5. d4 Nd6 6. Bxc6 dxc6 7. dxe5 Nf5
8. Qxd8+ Kxd8 9. Nc3 Ke8 10. b3 Be6 11. Bb2 Rd8 12. Rad1 Be7 13. h3 Rd7 14. Kh2
Kd8 15. g4 Nh4 16. Nxh4 Bxh4 17. f4 Rxd1 18. Rxd1+ Kc8 19. f5 Bd7 20. Ne4 b6
21. e6 fxe6 22. Bxg7 Rd8 23. Bf6 Bxf6 24. Nxf6 exf5 25. Rxd7 Rxd7 26. Nxd7 fxg4
27. Nf6 gxh3 28. Kxh3 h6 29. Kg4 Kd8 30. Kf4 Ke7 31. Ng8+ Kd6 32. Nxh6 Kc5 33.
c3 a5 34. Ke5 a4 35. Nf5 axb3 36. axb3 Kb5 37. Nd4+ Kc5 38. Ne6+ Kb5 39. Nxc7+
Ka5 40. Kd6 c5 41. Kc6 1-0

[Event "XIV Open"]
[Site "Saint Vincent - Chatillon ITA"]
[Date "2006.10.01"]
[Round "2"]
[White "Testa, Adriano"]
[Black "Gauer, Jacques"]
[Result "1-0"]
[WhiteElo "1729"]
[BlackElo "1973"]
[PlyCount "161"]
[EventDate "2006.09.30"]

1. e4 c5 2. Nf3 d6 3. d4 cxd4 4. Qxd4 Bd7 5. c4 Nc6 6. Qd2 g6 7. Nc3 Bh6 8. Qd1
Bxc1 9. Rxc1 Nf6 10. Be2 O-O 11. Qd2 Kg7 12. O-O Rc8 13. b3 Qa5 14. Qb2 Ne5 15.
Nd5 Nxf3+ 16. Bxf3 e5 17. Rfd1 Qd8 18. Qa3 Ne8 19. Qxa7 Be6 20. Qb6 Qg5 21. Qe3
Qd8 22. Nb6 Rc7 23. c5 Qe7 24. Nd5 Bxd5 25. Rxd5 dxc5 26. Rcxc5 f6 27. Rxc7
Nxc7 28. Rd1 Ne6 29. Qb6 Rc8 30. Qd6 Qxd6 31. Rxd6 Rc1+ 32. Rd1 Rc2 33. Rd7+
Kg8 34. g3 Rxa2 35. Rxb7 Nd4 36. Kg2 Rb2 37. b4 Nc2 38. Rb5 Kg7 39. Rb7+ Kf8
40. Be2 Rxb4 41. Rxb4 Nxb4 42. f3 Nc2 43. Kf2 Ke7 44. Bd1 Nd4 45. Ke3 Kd6 46.
h4 Kc5 47. h5 gxh5 48. f4 h4 49. gxh4 Ne6 50. fxe5 fxe5 51. h5 h6 52. Bg4 Nf4
53. Bf3 Kd6 54. Kf2 Ke7 55. Kg3 Kf6 56. Kh4 Ne6 57. Bh1 Nd4 58. Kg4 Ke7 59. Kg3
Kd6 60. Kf2 Kc5 61. Ke3 Kc4 62. Bg2 Kc3 63. Bh3 Nc2+ 64. Kf3 Kd4 65. Bf5 Ne1+
66. Ke2 Nd3 67. Kf3 Nf4 68. Bg6 Kd3 69. Kg4 Ke3 70. Kf5 Nd3 71. Bh7 Nf4 72. Bg6
Nd3 73. Bf7 Kd4 74. Bg8 Nf4 75. Bf7 Ng2 76. Bg6 Ne3+ 77. Kf6 Ng4+ 78. Kg7 Ke3
79. Bf5 Nh2 80. Kxh6 Nf3 81. Kg7 1-0

[Event "XIV Open"]
[Site "Saint Vincent - Chatillon ITA"]
[Date "2006.10.01"]
[Round "2"]
[White "Trifunovic, Dusan"]
[Black "Belabbas, Abdellah"]
[Result "1-0"]
[WhiteElo "1985"]
[BlackElo "1691"]
[PlyCount "89"]
[EventDate "2006.09.30"]

1. e4 c5 2. c3 e6 3. d4 d5 4. exd5 Qxd5 5. Nf3 Nf6 6. Be3 a6 7. c4 Qc6 8. Nc3
cxd4 9. Nxd4 Qc7 10. Be2 Bb4 11. Qb3 Bc5 12. Na4 Ba7 13. Bf3 e5 14. Nc2 e4 15.
Be2 Nbd7 16. O-O b6 17. Rac1 Ne5 18. Bxb6 Bxb6 19. Qxb6 Qe7 20. Qc5 Qxc5 21.
Nxc5 Bf5 22. Ne3 Bg6 23. b3 O-O 24. f4 Nd3 25. Bxd3 exd3 26. f5 Rfe8 27. Nd5
Nxd5 28. fxg6 hxg6 29. Nxd3 Ne3 30. Rfe1 Rad8 31. Rc3 f5 32. Nf4 Ng4 33. Rxe8+
Rxe8 34. g3 Re1+ 35. Kg2 g5 36. h3 Ne3+ 37. Kf2 Nd1+ 38. Kxe1 Nxc3 39. Nd3 a5
40. Kd2 Nxa2 41. Kc2 Nb4+ 42. Nxb4 axb4 43. Kd3 Kf7 44. Kd4 Ke6 45. c5 {
phone default} 1-0

[Event "XIV Open"]
[Site "Saint Vincent - Chatillon ITA"]
[Date "2006.10.02"]
[Round "3"]
[White "Baloire, Endy"]
[Black "Mazzetta, Renato"]
[Result "1-0"]
[WhiteElo "1506"]
[BlackElo "1822"]
[PlyCount "113"]
[EventDate "2006.09.30"]

1. e4 c5 2. Nc3 Nc6 3. g3 d6 4. Bg2 g6 5. Nge2 Bg7 6. O-O e5 7. d3 Nge7 8. f4
f5 9. fxe5 dxe5 10. exf5 gxf5 11. Bd2 O-O 12. Qc1 Be6 13. Bh6 Rf6 14. Bxg7 Kxg7
15. Qe3 b6 16. Rf2 Qd7 17. Raf1 Raf8 18. Qg5+ Kh8 19. Ne4 Rg6 20. Qh5 Rfg8 21.
Nd2 Rg5 22. Qf3 Bd5 23. Qe3 f4 24. Nxf4 exf4 25. Qxf4 Rf5 26. Qh4 Rxf2 27. Rxf2
Ng6 28. Qf6+ Rg7 29. Bxd5 Qxd5 30. Ne4 Nce5 31. Ng5 Kg8 32. h3 h6 33. Ne4 Rf7
34. Qd6 Qxd6 35. Nxd6 Rxf2 36. Kxf2 Ne7 37. Nb5 N7c6 38. a3 Kf7 39. Ke3 Ke6 40.
g4 Nf7 41. h4 Ke5 42. c3 Nfd8 43. b4 cxb4 44. axb4 Ne6 45. Na3 Kf6 46. d4 Nc7
47. g5+ hxg5 48. hxg5+ Kxg5 49. Kd3 Kf5 50. Kc4 Ke4 51. Nb5 Nxb5 52. Kxb5 Kd5
53. Ka6 Kc4 54. b5 Nxd4 55. cxd4 Kxd4 56. Kxa7 Kc5 57. Ka6 1-0

[Event "XIV Open"]
[Site "Saint Vincent - Chatillon ITA"]
[Date "2006.10.02"]
[Round "3"]
[White "Bannink, Bernard"]
[Black "Trifunovic, Dusan"]
[Result "1-0"]
[WhiteElo "2248"]
[BlackElo "1985"]
[PlyCount "99"]
[EventDate "2006.09.30"]

1. d4 d5 2. c4 e5 3. dxe5 dxc4 4. Qxd8+ Kxd8 5. Bg5+ Be7 6. Nf3 c6 7. a4 Be6 8.
e3 f6 9. exf6 gxf6 10. Bf4 Bb4+ 11. Nc3 Bxc3+ 12. bxc3 Ne7 13. Be2 Nd5 14. Bxb8
Rxb8 15. Bxc4 Re8 16. Nd4 Bg8 17. Bxd5 Bxd5 18. O-O Kc7 19. Rfd1 b6 20. g3 a6
21. Rd2 c5 22. Nb5+ axb5 23. Rxd5 bxa4 24. Rxa4 Ra8 25. Rh4 Re7 26. Rdh5 Ra1+
27. Kg2 Rc1 28. c4 Kc6 29. Rh6 Kc7 30. Rxh7 Rxh7 31. Rxh7+ Kc6 32. Rh5 b5 33.
cxb5+ Kxb5 34. Rh8 c4 35. Rc8 Rd1 36. Kf3 Kb4 37. Ke2 Rd6 38. Rb8+ Ka3 39. Rc8
Kb3 40. h4 f5 41. Kf3 c3 42. Kf4 c2 43. h5 Rd8 44. Rc5 Rd5 45. Rxc2 Kxc2 46. h6
Kd3 47. h7 Rd8 48. Kxf5 Ke2 49. g4 Kxf2 50. g5 1-0

[Event "XIV Open"]
[Site "Saint Vincent - Chatillon ITA"]
[Date "2006.10.02"]
[Round "3"]
[White "Belabbas, Abdellah"]
[Black "Roversi, Stefano"]
[Result "1-0"]
[WhiteElo "1691"]
[BlackElo "1857"]
[PlyCount "41"]
[EventDate "2006.09.30"]

1. d4 Nf6 2. Nc3 d5 3. e4 dxe4 4. f3 exf3 5. Nxf3 e6 6. Bc4 Bb4 7. Bg5 O-O 8.
O-O Be7 9. Qe2 c6 10. Rae1 b5 11. Bd3 b4 12. Ne4 Nbd7 13. Ne5 Nxe5 14. dxe5
Qd4+ 15. Kh1 Nd5 16. Bxe7 Nxe7 17. Qh5 Nf5 18. g4 Nh6 19. Nf6+ Kh8 20. g5 gxf6
21. Qxh6 1-0

[Event "XIV Open"]
[Site "Saint Vincent - Chatillon ITA"]
[Date "2006.10.02"]
[Round "3"]
[White "Broekman, Willem"]
[Black "Iacchetti, Giovanni"]
[Result "1-0"]
[WhiteElo "2151"]
[BlackElo "1804"]
[PlyCount "69"]
[EventDate "2006.09.30"]

1. d4 d6 2. c4 f5 3. Nc3 Nf6 4. g3 g6 5. Bg2 Bg7 6. Nf3 O-O 7. O-O c6 8. Qc2
Na6 9. Rd1 Qc7 10. Bg5 e5 11. Rdc1 e4 12. Ne1 Qf7 13. d5 c5 14. Nb5 Ne8 15. Qd2
Bd7 16. Rab1 Bxb5 17. cxb5 Nac7 18. a4 Nf6 19. Bxf6 Qxf6 20. Nc2 Rae8 21. e3
Re5 22. Qa5 f4 23. exf4 Rh5 24. Ne3 Ne8 25. Bxe4 g5 26. f5 Qe7 27. Bf3 Nf6 28.
Bxh5 Nxh5 29. Qd2 Nf6 30. f3 Nh5 31. Re1 Bd4 32. Kg2 Qg7 33. Nc4 Nf4+ 34. gxf4
gxf4+ 35. Kh1 1-0

[Event "XIV Open"]
[Site "Saint Vincent - Chatillon ITA"]
[Date "2006.10.02"]
[Round "3"]
[White "Bruno, Fabio"]
[Black "Ortega, Lexy"]
[Result "1-0"]
[WhiteElo "2388"]
[BlackElo "2435"]
[PlyCount "77"]
[EventDate "2006.09.30"]

1. c4 e6 2. Nc3 c5 3. e3 Nf6 4. Nf3 g6 5. b3 Bg7 6. Bb2 O-O 7. Be2 d5 8. d4
cxd4 9. Nxd4 dxc4 10. Bxc4 a6 11. O-O b5 12. Be2 Ra7 13. Ba3 Re8 14. Bc5 Rd7
15. Qc1 Bb7 16. a4 Rc7 17. Qa3 e5 18. Ndxb5 axb5 19. Bb6 b4 20. Qxb4 Qe7 21.
Qa5 Nc6 22. Qb5 Rcc8 23. a5 Nb4 24. Na2 Nxa2 25. Rxa2 Nd5 26. a6 Ba8 27. Qa5
Qd6 28. Rd1 Qc6 29. Bb5 Qxb6 30. Bxe8 Qxb3 31. Qa4 Qb6 32. Qb5 Qc7 33. Bd7 Nc3
34. Rc2 Nxb5 35. Rxc7 Rxc7 36. Bxb5 Bf8 37. f3 Rc8 38. Rd7 Kg7 39. a7 $139 1-0

[Event "XIV Open"]
[Site "Saint Vincent - Chatillon ITA"]
[Date "2006.10.02"]
[Round "3"]
[White "D'Amore, Carlo"]
[Black "Epishin, Vladimir V."]
[Result "1/2-1/2"]
[WhiteElo "2470"]
[BlackElo "2555"]
[PlyCount "132"]
[EventDate "2006.09.30"]

1. e4 c5 2. Nf3 e6 3. c3 d5 4. exd5 Qxd5 5. d4 Nf6 6. Na3 Qd8 7. Nc2 Nbd7 8.
Bf4 Be7 9. Bc4 O-O 10. O-O Nb6 11. Be2 Nbd5 12. Be5 a5 13. dxc5 Bxc5 14. Ncd4
Bd7 15. h3 Qb6 16. Bd3 Rfd8 17. Qe2 Bd6 18. g3 Rac8 19. Rfe1 Bf8 20. Rad1 Ne7
21. Bf4 Ng6 22. Bxg6 hxg6 23. Ne5 Ba4 24. Rd2 Be8 25. Bg5 Rd5 26. Bxf6 gxf6 27.
Ng4 Bg7 28. Ne3 Rdd8 29. Red1 f5 30. Nf3 Rxd2 31. Rxd2 Qc7 32. Ng2 b5 33. h4 b4
34. cxb4 axb4 35. Nf4 Qb7 36. h5 e5 37. Nd5 Rc1+ 38. Ne1 Bb5 39. Qe3 Bc6 40.
Nb6 Bh6 41. Rd8+ Kh7 42. Rh8+ Kxh8 43. Qxh6+ Kg8 44. Qxc1 Qxb6 45. hxg6 fxg6
46. Qc4+ Kg7 47. Qe6 Qb5 48. Qe7+ Kg8 49. Qd6 Kh7 50. Nd3 Qc4 51. Qxg6+ Kxg6
52. Nxe5+ Kg5 53. Nxc4 f4 54. Nd2 Bd5 55. a3 bxa3 56. bxa3 Kg4 57. Kh2 Bc6 58.
Nb3 Kf3 59. Nd4+ Kxf2 60. gxf4 Be8 61. Nf5 Kf3 62. Nd6 Bh5 63. f5 Kf4 64. f6
Ke5 65. f7 Bxf7 66. Nxf7+ Kd5 1/2-1/2

[Event "XIV Open"]
[Site "Saint Vincent - Chatillon ITA"]
[Date "2006.10.02"]
[Round "3"]
[White "De Santis, Alessio"]
[Black "Borgo, Giulio"]
[Result "1/2-1/2"]
[WhiteElo "2337"]
[BlackElo "2414"]
[PlyCount "29"]
[EventDate "2006.09.30"]

1. d4 d5 2. c4 e6 3. Nc3 c6 4. e4 dxe4 5. Nxe4 Nd7 6. Nf3 Ngf6 7. Bd3 c5 8. O-O
cxd4 9. Nxd4 Nxe4 10. Bxe4 Nf6 11. Bf3 a6 12. Qa4+ Nd7 13. Rd1 Qc7 14. Be3 Be7
15. Rac1 1/2-1/2

[Event "XIV Open"]
[Site "Saint Vincent - Chatillon ITA"]
[Date "2006.10.02"]
[Round "3"]
[White "Della Penna, Vincenzo"]
[Black "Martinez, Guido"]
[Result "1/2-1/2"]
[WhiteElo "1527"]
[BlackElo "1969"]
[PlyCount "22"]
[EventDate "2006.09.30"]

1. c4 e5 2. Nc3 Nf6 3. g3 b6 4. Bg2 Nc6 5. d3 Bb7 6. Nf3 Rb8 7. O-O Be7 8. Rb1
O-O 9. a3 a5 10. e4 d6 11. Re1 Nd7 1/2-1/2